| 000 | 00520nam a2200193Ia 4500 | ||
|---|---|---|---|
| 003 | OSt | ||
| 005 | 20191223115346.0 | ||
| 008 | 190216s9999||||xx |||||||||||||| ||und|| | ||
| 020 | _a8121917417 | ||
| 040 | _coclc | ||
| 082 |
_a336 _bSUN/P |
||
| 100 |
_aSundharam, K P M _9501 |
||
| 245 | 0 |
_aPublic Finance / _cK P M Sundharam |
|
| 250 | _a15th ed. | ||
| 260 |
_bSulthan Chand&Sons, _c1998. _aNew Delhi: |
||
| 300 | _a665p | ||
| 650 | _aEconomics | ||
| 942 |
_cBK _2ddc _h336 _iSUN/P _k336 _mSUN/P |
||
| 999 |
_c10083 _d10083 |
||